000 00755nam a22002297a 4500
003 URS
005 20250324191422.0
008 250225b2022 |||||||| |||| 00| 0 eng d
020 _a9786214091928
040 _aDLC
_beng
_cDLC
_dDLC
_dURS
_erda
082 _a350
_bP489 2022
100 _aBihasa, Carmelo Rico S.
_eAuthor
245 _aIntroduction to Public Administration /
_cCarmelo Rico S. Bihisa.
264 _aPhilippines :
_bBooks Atbp. Publishing Corp.,
_c[2022]
300 _axi, 289 pages ;
_c25 cm
336 _2rdacontent
_atext
_btxt
337 _2rdamedia
_aunmediated
_bn
338 _2rdacarrier
_avolume
_bnc
504 _aIncludes bibliographical reference (279-284) and index.
650 _aPublic Administration
942 _2ddc
_cF
999 _c82165
_d82164